Úloha a povinnosti amerického znalce v oboru účetnictví. 1

Povolanie audítora v USA. Profesia "znalec v odbore účtovníctva" (certified public accountant - CPA). Požiadavky pre získanie odbornej licencie. Profesionálne organizácie, ktoré združujú väčšinu audítorov. Služby, ktoré vykonávajú audítori.

Gespeichert in:
Bibliographische Detailangaben
1. Verfasser: Gottlieb, M.
Format: Buchkapitel
Sprache:Tschechisch
Schlagworte:
Tags: Tag hinzufügen
Keine Tags, Fügen Sie das erste Tag hinzu!

MARC

LEADER 00000naa a2200000 4500
001 r015284
005 20221213083413.3
041 0 |a cze 
044 |a CZ 
245 1 0 |a Úloha a povinnosti amerického znalce v oboru účetnictví. 1  |c M. Gottlieb 
520 |a Povolanie audítora v USA. Profesia "znalec v odbore účtovníctva" (certified public accountant - CPA). Požiadavky pre získanie odbornej licencie. Profesionálne organizácie, ktoré združujú väčšinu audítorov. Služby, ktoré vykonávajú audítori. 
610 2 0 |a audítori 
610 2 0 |a audítorstvo 
610 2 0 |a služby 
610 2 0 |a USA 
100 1 |a Gottlieb, M.